000 00815nam a2200253 a 4500
001 73944
003 BD-RjUL
005 20211209082451.0
008 171204s1983 nyuaf b 001 0 eng
020 _a0442275064
_c$ 45.00
035 _a(BD-RjUL)74162
040 _aDLC
_cDLC
_dDLC
_dBD-RjUL
_beng
041 _aeng
082 0 0 _a549.125
_bROC 1983
_219
100 1 _aRobbins, Manuel.
_9219437
245 1 4 _aThe collector's book of fluorescent minerals /
_cManuel Robbins.
260 _aNew York :
_bVan Nostrand Reinhold Co.,
_cc1983.
300 _axiii, 289 p., [16] p. of plates :
_bill. (some col.) ;
_c26 cm.
500 _aIncludes index.
504 _aBibliography: p. 275-282.
650 0 _aFluorescent minerals
_xCollection and preservation.
_9207019
942 _2ddc
_cBK
999 _c73944
_d73944